Statistieken voor Beste Nederlandse voetballers ooit.

Klik hier om de quiz te nemen!

Algemene statistieken

  • Deze quiz is 584 keer genomen
  • De gemiddelde score is 6 van 10

Antwoordstatistieken

PlaatsAntwoord% Correct
2van Basten
84%
7Gullit
82%
1Cruijff
76%
3Robben
73%
6Koeman
62%
4Bergkamp
57%
8Rijkaard
54%
5Seedorf
44%
10Kluivert
34%
9Stam
27%

Scoreverdeling

Percentiel versus Aantal Correcte Antwoorden

Procent van Mensen met Elke Score

Uw Scoregeschiedenis

U heeft deze quiz nog niet genomen